000 01073njm a2200277Ia 4500
001 82424
003 IT-RoPAU
005 20220918181114.0
008 131025s9999 xx 000 0 und d
040 _aIT-RoPAU
040 _cIT-RoPAU
999 _c99233
_d99233
999 _bn.d.
100 _aAA.VV.
_9794
100 _eAutore musica
_925918
100 _gCodice autore musica SPICS: 12000
_9796
245 _aColombia y su musica n. 3
250 _a1a ed.
260 _aGERMANY
260 _bPHILIPS
_c1991 [1a Ed.:1991 - Ed. Lingua Orig.: 1991]
300 _aCOMPACT DISC
300 _c58 minuti (Testo: 0 pag.)
500 _aMusica strumentale colombiana
505 _aPepe - La mecedoraono - Los camarones - Soberbia - Que vivan los novios - La gata golosa - La cachucha bacana - Mis flores negras - Paisaje matinal - La contradanza chocoana - Navidad negra - Las pilanderas - Negrita - Luna roja - El cuchipe - Yo me llamo cumbia - El chambu - La cucharita - Oropel - Diana Maria
650 _aSTRUMENTALE [COMPACT DISC]
_eCodice MATERIA SPICS: 9949
_925919
942 _cCD
_2ddc